Statistiques concernant Les 20 préfectures les plus proches de Bar le Duc

Cliquez ici pour prendre le quiz!

Statistiques générales

  • Ce quiz a été pris 81 fois
  • Le résultat moyen est 15 sur 20

Statistiques - réponses

distance (en km)ville préfecture% Correct
84Metz
97%
75Nancy
97%
191Strasbourg
96%
207Paris
85%
119Epinal
84%
162Dijon
81%
96Troyes
81%
116Charleville Mézières
78%
180Colmar
78%
160Auxerre
77%
62Chalons en Champagne
76%
182Besançon
74%
178Belfort
73%
74Chaumont
69%
143Laon
66%
186Melun
65%
200Bobigny
59%
148Vesoul
59%
199Créteil
55%
201Evry Courcouronnes
53%

Distribution des résultats

Percentile par nombre de réponses

% des personnes avec chaque résultat

Votre développement - résultats

Vous n’avez pas pris ce quiz